[Event "Leiden SB-ch"]
[Site "Leiden"]
[Date "2010.06.15"]
[Round "5"]
[White "Vernooy, Daan"]
[Black "Geertsma, Folkert Jan"]
[Result "0-1"]
[WhiteElo "1609"]
[BlackElo "1964"]
[PlyCount "82"]
[EventDate "2010.05.18"]
[EventType "swiss"]
[EventRounds "7"]
[EventCountry "NED"]
[SourceTitle "EXT 2012"]
[Source "ChessBase"]
[SourceDate "2011.11.24"]
[SourceVersion "1"]
[SourceVersionDate "2011.11.24"]
[SourceQuality "1"]

1. d4 b6 2. c4 Bb7 3. Nc3 e6 4. e4 Bb4 5. Qc2 Nf6 6. f3 h6 7. Be3 0-0 8. Bd3 d6 9. Nge2 Nbd7 10. a3 Bxc3+ 11. Qxc3 c5 12. d5 exd5 13. cxd5 Ne5 14. 0-0 Nxd3 15. Qxd3 a5 16. Rfc1 Qe7 17. Ng3 Bc8 18. Ne2 Re8 19. Nc3 Ba6 20. Qd2 Kh7 21. a4 Nd7 22. b3 Ne5 23. Nd1 Qf6 24. Nf2 Qg6 25. Kh1 Re7 26. Rc3 Rf8 27. Nh3 f5 28. Nf4 Qe8 29. Ne6 Rff7 30. h3 fxe4 31. fxe4 Bc8 32. Nf4 g5 33. Ne2 Qf8 34. Ng3 Bd7 35. Qe2 Bc8 36. Qh5 Qg7 37. Rac1 Qg6 38. Qxg6+ Kxg6 39. Rf1 Rxf1+ 40. Nxf1 Nd7 41. Nd2 Nf6 0-1

[Event "Leiden SB-ch"]
[Site "Leiden"]
[Date "2002.07.02"]
[Round "7"]
[White "Hortensius, Nick"]
[Black "Vernooy, Daan"]
[Result "1-0"]
[WhiteElo "1657"]
[BlackElo "1511"]
[PlyCount "75"]
[EventDate "2002.05.21"]
[EventType "swiss"]
[EventRounds "7"]
[EventCountry "NED"]
[SourceTitle "EXT 2003"]
[Source "ChessBase"]
[SourceDate "2002.11.25"]
[SourceVersion "1"]
[SourceVersionDate "2002.11.25"]
[SourceQuality "1"]

1. c4 e5 2. e3 f5 3. d4 e4 4. Ne2 Nf6 5. Nbc3 Bb4 6. d5 0-0 7. g3 Be7 8. Bh3 d6 9. Nd4 c5 10. Nxf5 Nbd7 11. Qc2 Ne5 12. Nxe4 Nf3+ 13. Ke2 Nxe4 14. Qxe4 Bxf5 15. Bxf5 Ng5 16. Be6+ Kh8 17. Qg4 Bf6 18. h4 Nf7 19. h5 Ne5 20. Qe4 Qe7 21. f4 Nf7 22. Bf5 Qxe4 23. Bxe4 Rae8 24. Bd3 Bd4 25. a4 Nh6 26. Kf3 Bf6 27. g4 Bd8 28. Bd2 a5 29. Rag1 Nf7 30. Bc3 Ne5+ 31. Ke2 Nxd3 32. Kxd3 h6 33. g5 hxg5 34. h6 Bf6 35. hxg7+ Kxg7 36. Rxg5+ Kf7 37. Rh7+ Bg7 38. Rhxg7# 1-0

[Event "Leiden SB-ch"]
[Site "Leiden"]
[Date "2002.06.18"]
[Round "5"]
[White "Plug, Arjan JH"]
[Black "Vernooy, Daan"]
[Result "1-0"]
[WhiteElo "1843"]
[BlackElo "1511"]
[PlyCount "77"]
[EventDate "2002.05.21"]
[EventType "swiss"]
[EventRounds "7"]
[EventCountry "NED"]
[SourceTitle "EXT 2003"]
[Source "ChessBase"]
[SourceDate "2002.11.25"]
[SourceVersion "1"]
[SourceVersionDate "2002.11.25"]
[SourceQuality "1"]

1. e4 c5 2. Nc3 Nc6 3. g3 d6 4. Bg2 Nf6 5. d3 e6 6. f4 a6 7. Nf3 Qc7 8. 0-0 Be7 9. Kh1 Bd7 10. a3 0-0-0 11. b4 cxb4 12. Ne2 Qb6 13. axb4 Qxb4 14. Be3 Ng4 15. Bg1 d5 16. exd5 exd5 17. Rb1 Qd6 18. c3 Rde8 19. Qb3 Na5 20. Qc2 Nc6 21. Ned4 h5 22. Qb2 Qc7 23. Ne5 Ncxe5 24. fxe5 Nxe5 25. Bxd5 Nc6 26. Qg2 Nd8 27. Rb2 Rh6 28. Rfb1 b5 29. c4 b4 30. Be3 g5 31. h4 Rg6 32. Be4 Rg7 33. Nf5 Bxf5 34. Bxf5+ Ne6 35. hxg5 Kb8 36. Bxe6 fxe6 37. c5 Bxc5 38. Bxc5 Qxc5 39. Rxb4+ 1-0